Софокл и его трагедийное творчество (Запись № 12009529)

Подробности
000 -МАРКЕР
контрольное поле 01501nam0a2200337 4500
001 - ИДЕНТИФИКАТОР ЗАПИСИ
контрольное поле RU\NLR\BIBL_A\011503960
005 - ИДЕНТИФИКАТОР ВЕРСИИ
контрольное поле 20260406164815.0
010 ## - МЕЖДУНАРОДНЫЙ СТАНДАРТНЫЙ НОМЕР КНИГИ (ISBN)
Номер (ISBN) 978-5-906910-33-2
035 ## - ДРУГИЕ СИСТЕМНЫЕ НОМЕРА
Идентификатор записи (NILC)LIBNET\0000771637
035 ## - ДРУГИЕ СИСТЕМНЫЕ НОМЕРА
Идентификатор записи (NLR Aleph) 011503960
100 ## - ДАННЫЕ ОБЩЕЙ ОБРАБОТКИ
Данные общей обработки 20171020d2017 |||y0rusy50 ca
101 0# - ЯЗЫК РЕСУРСА
Язык текста, звукозаписи и т.д. русский
102 ## - СТРАНА ПУБЛИКАЦИИ ИЛИ ПРОИЗВОДСТВА
Страна публикации Российская Федерация
105 ## - ПОЛЕ КОДИРОВАННЫХ ДАННЫХ: ТЕКСТОВЫЕ МАТЕРИАЛЫ, МОНОГРАФИЧЕСКИЕ
Кодированные данные о монографическом текстовом документе y z 000 y
200 1# - ЗАГЛАВИЕ И СВЕДЕНИЯ ОБ ОТВЕТСТВЕННОСТИ
Основное заглавие Софокл и его трагедийное творчество
Сведения, относящиеся к заглавию научно-популярные статьи
Первые сведения об ответственности Ф. Ф. Зелинский
Последующие сведения об ответственности составление и предислович О. А. Лукьянченко
210 ## - ПУБЛИКАЦИЯ, РАСПРОСТРАНЕНИЕ И ДР.
Место издания, распространения и т.д. Санкт-Петербург
Имя издателя, распространителя и т. д. Алетейя
-- Историческая книга
Дата издания, распространения и т.д. 2017
215 ## - ФИЗИЧЕСКАЯ ХАРАКТЕРИСТИКА
Специфическое обозначение материала и объем 414, [1] с.
Другие сведения о физической характеристике ил.
Размеры 22
225 1# - СЕРИЯ
Основное заглавие серии Серия Новая античная библиотека
Наименование части Исследования
320 ## - ПРИМЕЧАНИЯ О НАЛИЧИИ В ДОКУМЕНТЕ БИБЛИОГРАФИИ / УКАЗАТЕЛЯ
Текст примечания Библиогр. в подстроч. примеч.
333 ## - ПРИМЕЧАНИЯ ОБ ОСОБЕННОСТЯХ РАСПРОСТРАНЕНИЯ И ИСПОЛЬЗОВАНИЯ
Текст примечания 16+
600 #0 - ИМЯ ЛИЦА КАК ПРЕДМЕТ
Начальный элемент ввода Софокл
Даты ок.496 - 406 до н.э.
Системный номер авторитетной/нормативной записи 1664428
Идентификатор авторитетной/нормативной записи RU\NLR\AUTH\661036460
686 ## - ИНДЕКСЫ ДРУГИХ КЛАССИФИКАЦИЙ
Индекс 83.3(0)321-8я91
Издание LBC/M
Код системы
686 1# - ИНДЕКСЫ ДРУГИХ КЛАССИФИКАЦИЙ
Индекс Ш5(0)333-4Софокл
700 #1 - ИМЯ ЛИЦА - ПЕРВИЧНАЯ ОТВЕТСТВЕННОСТЬ
Начальный элемент ввода Зелинский
Часть имени, кроме начального элемента ввода Ф. Ф.
Даты 1859-1944
Расширение инициалов личного имени Фаддей Францевич
Идентификатор авторитетной/нормативной записи RU\NLR\AUTH\7768704
Системный номер авторитетной/нормативной записи 51632
702 #0 - ИМЯ ЛИЦА - ВТОРИЧНАЯ ОТВЕТСТВЕННОСТЬ
Код отношения Прочие
Материалы, к которым относится поле rus
Графика поля Кириллица
Начальный элемент ввода Софокл
Даты ок.496-406 до н.э.
Идентификатор авторитетной/нормативной записи RU\NLR\AUTH\7711233
Системный номер авторитетной/нормативной записи 120987
801 #0 - ИСТОЧНИК ЗАПИСИ
Страна Российская Федерация
Организация Тюменская ОНБ
Дата составления 20170427
Правила каталогизации rcr
942 ## - ДОПОЛНИТЕЛЬНЫЕ ЭЛЕМЕНТЫ ЗАПИСИ (АБИС)
Тип экземпляра АБИС Книга
980 ## - КОЛЛЕКЦИЯ
Название коллекции Национальная библиография
Экземпляры
Тип экземпляра Дата поступления Источник поступления Стоимость Библиотека постоянного хранения Библиотека текущего хранения Место хранения Шифр хранения Штрих-код Статус экземпляра
Книга 20.10.2017 Покупка 750.00 РНБ (Московский) РНБ (Московский) Русский книжный фонд: издания с 1957 года 2018-5/405 1-2142566  
Книга 18.01.2018   0.00 РНБ (Московский) РНБ (Московский) Залы гуманитарной литературы   ERR-109855  
Книга 20.10.2017 Покупка 750.00 РНБ (Садовая) РНБ (Садовая) Универсальный читальный зал У Ш5(0)3/С-682з 1-2142567